000
00285 a2200121 4500
001
76088
082
_a
515.15 YOU
090
_c
39133
_d
39133
100
_a
Yousuf, S.M
245
_a
Calculus and Analytic Geometry
_h
English
260
_a
Lahore
_b
Feroz sons
500
_a
CFT Textbook
942
_a
CAE NUST
_k
515.15 YOU
999
_c
311161
_d
311161